Responses for Show #2330 - Friday, October 21, 1994

Contestants

[<< previous game]

Greg Gibbs, a word processor from Port Hueneme, California

Tony Zepezauer, a computer science student from San Francisco, California

Peg Serenyi, a school librarian from Potomac, Maryland (whose 3-day cash winnings total $37,100)

[next game >>]

Jeopardy! Round responses

HISTORY
SPORTS
HEALTH & MEDICINE
U.S. EXTREMES
SIGNS & SYMBOLS
3-LETTER WORDS
    $100 1
Cuba

Tony
    $100 6
golf

Peg
    $100 29
Nose

Greg
    $100 20
the Grand Canyon

Greg
    $100 12
the ZIP code

Tony
    $100 17
red

Greg
    $200 2
South Africa

Tony
    $200 7
Wayne Gretzky

Greg
    $200 30
forceps

Tony
    $200 21
(Greg: What is Maine?)

Florida

TonyGreg
    $200 13
a crescent moon

Tony
    $200 25
an arc

Tony
    $300 3
Octavian

Tony
    $300 8
basketball

Greg
    $300 11
writer's cramp

Tony
    $300 22
California

Tony
    $300 14
a flat

Tony
    $300 26
via

Peg
    $400 4
Disraeli

Peg
    $400 9
Bjorn Borg

Peg
    $1,000 18
atrophy

Greg
    $400 23
Washington

Greg
    $400 15
diamonds

Tony
    $400 27
nib

Tony
    $500 5
Louis XIV

Greg
    $500 10
the decathlon

Greg
    $500 19
oncology

Peg
    $500 24
(Peg: What is Alaska?)

Colorado (or Wyoming)

PegTony
    $500 16
a brand

Triple Stumper
    $500 28
a kit

Peg

Scores at the first commercial break (after clue 16):

Peg Tony Greg
$900 $1,900 $1,500

Scores at the end of the Jeopardy! Round:

Peg Tony Greg
$1,700 $3,700 $3,000

Double Jeopardy! Round responses

UNION MILITARY LEADERS
ARTISTS
BUSINESS & INDUSTRY
MOVIE CHARACTERS
WORLD CAPITALS
BOOKS & AUTHORS
    $200 21
Jefferson Davis

Tony
    $200 19
Andy Warhol

Tony
    $200 26
Hallmark

Peg
    $200 14
Norman Bates

Tony
    $200 2
Lisbon

Tony
    $200 1
Kennedy

Tony
    $400 22
Gettysburg

Tony
    $400 10
Marisol

Peg
    $400 27
Spam

Tony
    $400 15
Arthur

Tony
    $400 3
Copenhagen

Peg
    $400 4
James Michener

Greg
    $600 23
McClellan

Greg
    $600 5
(Greg: What is Florence?)

Venice

TonyGreg
    $600 28
Post-it Notes

Tony
    $600 16
(Tony: What is Whatever Became of Baby Jane?)
(Greg: What is Sunset Boulevard?)

All About Eve

TonyGreg
Triple Stumper
    $600 6
Kabul

Peg
    $600 11
Elliott Roosevelt

Peg
    $800 24
(Peg: Who was Butler?)
(Tony: Who was Sherman?)
...
(Alex: The squadron should have led you to the Navy. [*].)

David Farragut

PegTony
Triple Stumper
    $2,500 9
Rembrandt

Greg
    $800 29
(Peg: What is Reynolds?)

Philip Morris

PegGreg
    $2,500 17
The African Queen

Tony
    $800 7
Nairobi

Greg
    $800 12
The Andromeda Strain

Tony
    $1000 25
Burnside

Tony
    $1000 20
Georgia O'Keeffe

Tony
    $1000 30
Microsoft

Tony
    $1000 18
(Greg: What is a woman?)
(Alex: No, we need the name.)

Dorothy Michaels

TonyGreg
    $1000 8
Tegucigalpa

Greg
    $1000 13
(John) Grisham

Tony

Scores at the end of the Double Jeopardy! Round:

Peg Tony Greg
$2,300 $14,000 $6,900
(lock game)

[wagering suggestions for these scores]

Final Jeopardy! Round responses

AMERICANA
(Alex: The phrase alludes to Mount Rushmore.)
PegWhat is South Dakota
$100
GregWhat is New York?
$2,598
TonyWhat is South Dakota
$0
South Dakota

Final scores:

Peg Tony Greg
$2,400 $14,000 $4,302
3rd place: a flight on the Goodyear Blimp New champion: $14,000 2nd place: trip to Oasis Water Resort in Palm Springs + Pinseeker golf clubs

Game dynamics:

Coryat scores:

Peg Tony Greg
$2,300 $12,300 $4,600
11 R,
3 W
31 R
(including 1 DD),
2 W
15 R
(including 2 DDs),
4 W

Combined Coryat: $19,200

[game clues] [game scores] [suggest correction]

Game tape date: 1994-08-24
The J! Archive is created by fans, for fans. Scraping, republication, monetization, and malicious use prohibited; this site may use cookies and collect identifying information. See terms. The Jeopardy! game show and all elements thereof, including but not limited to copyright and trademark thereto, are the property of Jeopardy Productions, Inc. and are protected under law. This website is not affiliated with, sponsored by, or operated by Jeopardy Productions, Inc. Join the discussion at JBoard.tv.